| 000 | 00718cam a2200229 a 4500 | ||
|---|---|---|---|
| 005 | 20260322212039.0 | ||
| 008 | data | ||
| 010 | _a 88011461 | ||
| 020 |
_a0394551788 : _c{dollar}18.95 |
||
| 020 |
_a9780394551784 : _c{dollar}18.95 |
||
| 040 |
_aDLC _cDLC _dDLC |
||
| 050 | 0 | 0 |
_aPR6054.E37 _bS67 1988 |
| 082 | 0 | 0 |
_a823/.914 _219 |
| 100 | 1 |
_aDeighton, Len, _d1929- |
|
| 245 | 1 | 0 |
_aSpy hook : _ba novel / _cLen Deighton. |
| 260 |
_aNew York : _bDistributed by Random House, _bDistributed by Random House, _c1989, c1988. |
||
| 300 |
_a291 p. ; _c22 cm. |
||
| 650 | 0 |
_aSamson, Bernard (Fictitious character) _xFiction. |
|
| 650 | 0 |
_aIntelligence service _zGreat Britain _xFiction. |
|
| 655 | 7 |
_aSpy stories. _2gsafd |
|
| 001 | data | ||
| 999 |
_c914 _d914 |
||